02368cam a22005054i 4500003000900000005001700009008004100026020001500067035002700082040003300109049000900142082001700151100002500168245005400193264004100247300005200288336002100340337002500361338002300386490003300409505058100442526001001023526001001033526000901043526000901052526000901061526000901070526000901079526000901088526000901097526000801106526000801114526000801122526000801130526000801138650006201146700002301208942001401231949018901245994001401434596000601448999021701454980005501671952013601726PE-LiUPU20250731165528.0150623s r 000 0 d a8470500457 a(Sirsi) i9788470500459 aPE-LiUPUbspacPE-LiUPUerda aPRUA04a270.9bH2211 aPreclin, E.,eautor.10aLuchas doctrinales.n22 /cE. Preclin y E. Jarry. 1aValencia, España :bEdicep,c1976. a637 páginas :bil., fotos ;c28 centímetros atext2rdacontent aunmediated2rdamedia avolume2rdacarrier0 aHistoria de la Iglesia ;v220 aLos dos grandes problemas doctrinales de finales del siglo XVIII. -El jansenismo en Francia y en los países bajos desde 1648 hasta 1713. -El jansenismo en el siglo XVIII. -Las órdenes religiosas fundadas antes del siglo XVI. -Las órdenes modernas de 1648 a 1789 . -Las misiones de propaganda fide en américa del norte y extremo. -El irenismo intercristiano 1648-1789. -La compañía de Jesús: evolución y supresión. -Incredulidad y lucha contra ella de 1648 a 1740. -Incredulidad y lucha contra ella 1740 a 1789. -La masonería. -Febronianismo y josefinismo. aSEG44 aSEG26 aP151 aP150 aP149 aP146 aP145 aP126 aP125 aP92 aP75 aP74 aP27 aP1504aIglesia CatólicaxDoctrina y controversiaySiglo XVIII.1 aJarry, E.,eautor. 2ddccBOOK aRC 270.9 H 22wDEWEYc1i15320lCCODEBUL1mBULr0sYtBOOKu2015-6-24xTEOLOGIAPP350COMPRAo.CIRCNOTE. No olvidar cambiar la fecha de devolución!!!!!!!o.STAFF. Colección General aC0bPEPRU a1 aRC 270.9 H 22wDEWEYc36517i15320d36517f2021-11-8g6lCCODEBUL1mBULq2r1sYtBOOKu2015-6-24xTEOLOGIAPP350COMPRAo.CIRCNOTE. No olvidar cambiar la fecha de devolución!!!!!!!o.STAFF. Colección General 81gALBERTO SANCHEZ Responsable de Automatización r2025-12-02 00:00:00i7l0oRC 270.9 H 22p15320te1w2015-06-24xFTyREF102ddc50718REFfP35aBULbBULcREFd2015-06-24eCOMPRA